000
00270nam a2200109Ia 4500
008
220204s9999 xx 000 0 und d
082
_a
82-3
_b
KEE
100
_a
Keene, Carolyn
245
4
_a
The Clue in the crossword cipher
260
_a
London
_b
Armada
_c
1979
942
_c
BK
999
_c
32714
_d
32714